Countries with the Most Telegram Users - Statistics

General Stats
  • This quiz has been taken 33 times
  • The average score is 11 of 15
Answer Stats
Users Country % Correct
111M India
97%
31M United States
97%
45M Russia
91%
13M Mexico
84%
24M Brazil
81%
7M France
81%
32M Indonesia
78%
11M Ukraine
69%
13M Vietnam
66%
16M Egypt
59%
10M Turkey
59%
7M Malaysia
56%
10M Philippines
56%
8M Kazakhstan
47%
9M Nigeria
38%
No matching quizzes found
Score Distribution
Percent of People with Each Score
Percentile by Number Answered
Your Score History
You have not taken this quiz